Analýza ekonomickej štruktúry vybraného podniku diplomová práca

Saved in:
Bibliographic Details
Main Author: Poliaková, Katarína
Corporate Author: Fakulta hospodárskej informatiky EU. Katedra účtovníctva a audítorstva
Other Authors: Antalová, Renáta
Format: Book
Language:Slovak
Published: Bratislava 2021
Tags: Add Tag
No Tags, Be the first to tag this record!

MARC

LEADER 00000nbm a2200000 4500
001 0276165
005 20220323134831.8
041 0 |a slo 
044 |a SK 
245 1 0 |a Analýza ekonomickej štruktúry vybraného podniku  |b diplomová práca  |c Katarína Poliaková ; školiteľ: Renáta Antalová 
264 1 |a Bratislava  |c 2021 
300 |a 60 s. 
100 1 |a Poliaková, Katarína 
700 1 |a Antalová, Renáta 
710 2 |a Fakulta hospodárskej informatiky EU. Katedra účtovníctva a audítorstva